00661nam a2200181Ia 4500952014600000999001700146003000400163005001700167008004100184020001800225040000900243082002100252100002400273245009000297260003500387300000900422942004800431 00102ddc40708POLITICAL SCIENCEaMESbMEScPOLd2019-02-20g450.00l0o327.73056 CHO/Pp33323r2019-02-20 00:00:00w2019-02-20yBKzGL10R4 c21293d21293OSt20200609112502.0190216s9999||||xx |||||||||||||| ||und|| a9780141029726 coclc a327.73056bCHO/P aChomsky, Noam91778 0aPerilous Power The Middle East And Us Foreign Policy /cNoam Chomsky ; Gilbert Achcar bPenguin Books,aLondon:c2007. a275p cBK2ddch327.73056iCHO/Pk327.73056mCHO/P